An outline of food distribution in Japan : (Centering on distribution through wholesale market)
Tallennettuna:
| Aineistotyyppi: | Kirja |
|---|---|
| Kieli: | Undetermined |
| Julkaistu: |
Tokyo
Jetro
1981
|
| Aiheet: | |
| Tagit: |
Lisää tagi
Ei tageja, Lisää ensimmäinen tagi!
|
| Thư viện lưu trữ: | Trung tâm Học liệu Trường Đại học Cần Thơ |
|---|
| LEADER | 00446nam a2200157Ia 4500 | ||
|---|---|---|---|
| 001 | CTU_77775 | ||
| 008 | 210402s9999 xx 000 0 und d | ||
| 082 | |a 658.8 | ||
| 082 | |b O.94 | ||
| 245 | 3 | |a An outline of food distribution in Japan : | |
| 245 | 0 | |b (Centering on distribution through wholesale market) | |
| 260 | |a Tokyo | ||
| 260 | |b Jetro | ||
| 260 | |c 1981 | ||
| 650 | |a Marketing | ||
| 980 | |a Trung tâm Học liệu Trường Đại học Cần Thơ | ||